[Event "III. CLANSKA LIGA ZAHOD 2019"]
[Site "Komenda"]
[Date "2019.12.07"]
[Round "3.3"]
[White "Jancigaj, Saso Valentin"]
[Black "Bedic, Slavko"]
[Result "1-0"]
[WhiteElo "1682"]
[BlackElo "1890"]
[PlyCount "67"]
[EventDate "2019.12.07"]
[WhiteTeam "SK VISNJA GORA - STICNA"]
[BlackTeam "MATRIKA ZVO STARI TRG OB KOLPI"]

1. f4 d5 2. Nf3 Nf6 3. e3 c5 4. d4 Nc6 5. c3 e6 6. Bd3 Bd6 7. O-O O-O 8. Ne5
Ne8 9. Rf3 f5 10. Nd2 Nf6 11. Rh3 cxd4 12. exd4 Bxe5 13. fxe5 Ng4 14. Nf3 Ne7
15. Rg3 Ng6 16. h3 Nh6 17. Bg5 Qe8 18. Bxh6 gxh6 19. Qd2 Kg7 20. h4 h5 21. Qg5
Kh8 22. Qh6 Qf7 23. Rxg6 Qxg6 24. Qxf8+ Qg8 25. Qf6+ Qg7 26. Rf1 Bd7 27. Ng5
Rf8 28. Qxg7+ Kxg7 29. Rf3 Rh8 30. Rg3 Kf8 31. Nh3 Be8 32. c4 Bc6 33. b4 a6 34.
Nf4 1-0

[Event "III. CLANSKA LIGA ZAHOD 2019"]
[Site "Komenda"]
[Date "2019.12.07"]
[Round "3.4"]
[White "Danculovic, Jovica"]
[Black "Perovsek, Milan"]
[Result "1-0"]
[WhiteElo "1813"]
[BlackElo "1757"]
[PlyCount "101"]
[EventDate "2019.12.07"]
[WhiteTeam "MATRIKA ZVO STARI TRG OB KOLPI"]
[BlackTeam "SK VISNJA GORA - STICNA"]

1. e4 c5 2. c3 Nc6 3. d4 cxd4 4. cxd4 e6 5. d5 exd5 6. exd5 Bb4+ 7. Nc3 Qe7+ 8.
Be3 Ne5 9. Be2 Nf6 10. Bf3 O-O 11. Qd4 Re8 12. O-O-O Bxc3 13. Qxc3 d6 14. Kb1
Bf5+ 15. Ka1 b5 16. Bd4 Nfd7 17. Ne2 Rac8 18. Qe3 Bc2 19. Rc1 Nxf3 20. gxf3
Qxe3 21. fxe3 b4 22. Rhg1 g6 23. b3 a5 24. Kb2 Bd3 25. Nf4 Bb5 26. h4 Nc5 27.
Bxc5 dxc5 28. e4 a4 29. bxa4 Bxa4 30. Nd3 c4 31. Nxb4 f5 32. Rge1 fxe4 33. fxe4
Rf8 34. Re2 Bb5 35. Rc3 Rcd8 36. Kc2 Ba4+ 37. Kd2 Rb8 38. a3 Ra8 39. e5 Rf4 40.
d6 Rd8 41. Rh3 Bb5 42. Kc3 Rf1 43. h5 g5 44. h6 Rb1 45. Ree3 Bd7 46. Rhg3 g4
47. e6 Bxe6 48. Rxe6 Rb3+ 49. Kxc4 Rxg3 50. Nc6 Rc8 51. d7 1-0

[Event "III. CLANSKA LIGA ZAHOD 2019"]
[Site "Komenda"]
[Date "2019.12.07"]
[Round "3.1"]
[White "Ocepek, Marjan"]
[Black "Mlacnik, Janez"]
[Result "1/2-1/2"]
[WhiteElo "1581"]
[BlackElo "1783"]
[PlyCount "46"]
[EventDate "2019.12.07"]
[WhiteTeam "SD MENGES - TRZIN"]
[BlackTeam "KPŠRD KAREL JERAJ LJUBLJANA"]

1. e4 d6 2. d4 Nf6 3. Nc3 g6 4. Bg5 Bg7 5. Bd3 Nc6 6. Nge2 O-O 7. Qd2 e5 8. d5
Ne7 9. O-O Nd7 10. f4 f6 11. Bh4 exf4 12. Nxf4 Ne5 13. Bf2 Nxd3 14. Qxd3 Kh8
15. Rae1 Ng8 16. Bd4 Nh6 17. h3 Nf7 18. Qg3 Ne5 19. Nce2 Qe8 20. Rd1 Qf7 21.
Rde1 Qe8 22. Rd1 Qf7 23. Rde1 Qe8 1/2-1/2

[Event "III. CLANSKA LIGA ZAHOD 2019"]
[Site "Komenda"]
[Date "2019.12.07"]
[Round "3.2"]
[White "Vertacnik, Viktor"]
[Black "Hribar, Franc"]
[Result "1-0"]
[WhiteElo "1605"]
[BlackElo "1401"]
[PlyCount "57"]
[EventDate "2019.12.07"]
[WhiteTeam "KPŠRD KAREL JERAJ LJUBLJANA"]
[BlackTeam "SD MENGES - TRZIN"]

1. e4 e5 2. Nf3 Nc6 3. Bc4 h6 4. c3 Nf6 5. d3 Bc5 6. Nbd2 a6 7. O-O d6 8. Bb3
Bg4 9. h3 Bh5 10. Re1 O-O 11. Nf1 Ng4 12. hxg4 Bxg4 13. Be3 Bxe3 14. Rxe3 Qf6
15. Qc2 Rad8 16. N3h2 Bh5 17. Ng3 Bg6 18. Rf3 Qg5 19. Nf5 Bxf5 20. Rxf5 Qg6 21.
Qe2 Ne7 22. Rf3 Qh7 23. Ng4 Ng6 24. g3 h5 25. Ne3 c6 26. Rf5 Ne7 27. Rxh5 Qg6
28. Kg2 Rd7 29. Rah1 1-0

[Event "III. CLANSKA LIGA ZAHOD 2019"]
[Site "Komenda"]
[Date "2019.12.07"]
[Round "3.3"]
[White "Posavec, Zvone"]
[Black "Cizman, Gregor"]
[Result "1/2-1/2"]
[WhiteElo "1348"]
[BlackElo "1543"]
[PlyCount "60"]
[EventDate "2019.12.07"]
[WhiteTeam "SD MENGES - TRZIN"]
[BlackTeam "KPŠRD KAREL JERAJ LJUBLJANA"]

1. e4 c6 2. Nf3 d5 3. exd5 cxd5 4. d4 Nf6 5. Nc3 a6 6. Bg5 e6 7. Qd2 Be7 8. Bd3
Nbd7 9. O-O h6 10. Bxf6 Bxf6 11. Rfe1 O-O 12. b3 Qa5 13. Ne2 Qxd2 14. Nxd2 b5
15. c3 Be7 16. f4 g6 17. Ng3 Bd6 18. Rf1 Bb7 19. Rae1 Rfe8 20. Nh1 Rac8 21. Rc1
Nf6 22. Rf3 Kg7 23. Nf2 h5 24. Nh3 Rc7 25. Be2 Rec8 26. Ng5 Bb4 27. Nf1 Bd6 28.
h3 Nh7 29. Nxh7 Kxh7 30. Re1 Kg7 1/2-1/2

[Event "III. CLANSKA LIGA ZAHOD 2019"]
[Site "Komenda"]
[Date "2019.12.07"]
[Round "3.1"]
[White "Hocevar, Tim"]
[Black "Trivuncevic, Bosko"]
[Result "0-1"]
[WhiteElo "1500"]
[BlackElo "1937"]
[PlyCount "134"]
[EventDate "2019.12.07"]
[WhiteTeam "SK POSTOJNA"]
[BlackTeam "SK LOSKA DOLINA I"]

1. e4 d6 2. d4 Nc6 3. c3 e5 4. d5 Nce7 5. Nf3 Nf6 6. Bd3 Bg4 7. Bg5 Ng6 8. Nbd2
Be7 9. O-O Nxd5 10. Qa4+ Bd7 11. Bxe7 Ndxe7 12. Qc2 O-O 13. Rfe1 Nf4 14. Nf1
Neg6 15. Ng3 Nh4 16. Nxh4 Qxh4 17. Ne2 Nxd3 18. Qxd3 Kh8 19. Ng3 Qg5 20. Rad1
h5 21. Qe3 Qg6 22. Qf3 Bg4 23. Qe3 Bxd1 24. Rxd1 h4 25. Nf5 Qf6 26. Qh3 g6 27.
Nxh4 Kg7 28. Qg3 Rh8 29. Nf5+ Kf8 30. Ne3 Qh4 31. Qxh4 Rxh4 32. f3 Rc8 33. Nd5
c6 34. Nf6 Ke7 35. Ng4 f5 36. g3 Rh7 37. Nf2 Ke6 38. exf5+ gxf5 39. Nd3 Rch8
40. h4 Rg8 41. Kf2 b6 42. Nb4 Kd7 43. Nd3 Kc7 44. Nb4 a5 45. Nc2 f4 46. gxf4
Rxh4 47. Ke3 exf4+ 48. Kd3 c5 49. Re1 Kd7 50. Na3 Rh3 51. Rf1 Re8 52. Nc4 Kc6
53. b3 d5 54. Nd2 Rh2 55. Kc2 Ree2 56. Rd1 b5 57. a4 bxa4 58. bxa4 c4 59. Kc1
Rxd2 60. Rxd2 Rxd2 61. Kxd2 Kc5 62. Ke2 d4 63. cxd4+ Kxd4 64. Kd2 c3+ 65. Kc2
Kc4 66. Kc1 Kb3 67. Kb1 Kxa4 0-1

[Event "III. CLANSKA LIGA ZAHOD 2019"]
[Site "Komenda"]
[Date "2019.12.07"]
[Round "3.4"]
[White "Drobnic, Milan"]
[Black "Hocevar, Nick"]
[Result "1-0"]
[WhiteElo "1984"]
[BlackElo "1069"]
[PlyCount "53"]
[EventDate "2019.12.07"]
[WhiteTeam "SK LOSKA DOLINA I"]
[BlackTeam "SK POSTOJNA"]

1. c4 c6 2. Nf3 d5 3. g3 Nf6 4. Bg2 Bf5 5. O-O e6 6. d3 Nbd7 7. Nc3 Be7 8. a3
a5 9. Nh4 Bg6 10. Nxg6 fxg6 11. Rb1 O-O 12. b4 axb4 13. axb4 b6 14. b5 c5 15.
cxd5 exd5 16. Nxd5 Ne5 17. Nxe7+ Qxe7 18. Bxa8 Rxa8 19. Bg5 Nf7 20. Bxf6 Qxf6
21. Ra1 Rd8 22. Qb3 Qd4 23. Ra7 Qf6 24. Rfa1 Rf8 25. Ra8 Rxa8 26. Rxa8+ Qd8 27.
Rxd8# 1-0

[Event "III. CLANSKA LIGA ZAHOD 2019"]
[Site "Komenda"]
[Date "2019.12.07"]
[Round "3.3"]
[White "Beber, Anja"]
[Black "Sharku, Hysen"]
[Result "1-0"]
[WhiteElo "1195"]
[BlackElo "1787"]
[PlyCount "63"]
[EventDate "2019.12.07"]
[WhiteTeam "SK POSTOJNA"]
[BlackTeam "SK LOSKA DOLINA I"]

1. e4 c6 2. d4 g6 3. Nf3 Bg7 4. Bd3 d6 5. Be3 Bg4 6. Nbd2 e5 7. dxe5 dxe5 8.
O-O Ne7 9. Re1 O-O 10. h3 Bxf3 11. Nxf3 Qc7 12. Qd2 c5 13. Qc3 Nd7 14. Rad1 a6
15. b4 Rfc8 16. b5 c4 17. b6 Nxb6 18. Bxb6 Qxb6 19. Bxc4 Qc7 20. Bxf7+ Kh8 21.
Qxc7 Rxc7 22. Bb3 Nc6 23. Rd2 Bh6 24. Rd3 Nb4 25. Rd6 Nxc2 26. Red1 Nd4 27.
Nxd4 exd4 28. R6xd4 b5 29. e5 a5 30. Rd8+ Rxd8 31. Rxd8+ Kg7 32. Rg8# 1-0

[Event "III. CLANSKA LIGA ZAHOD 2019"]
[Site "Komenda"]
[Date "2019.12.07"]
[Round "3.4"]
[White "Kutin, Boris"]
[Black "Meze Ivanic, Ema"]
[Result "1-0"]
[WhiteElo "1924"]
[BlackElo "1147"]
[PlyCount "41"]
[EventDate "2019.12.07"]
[WhiteTeam "SK LOSKA DOLINA I"]
[BlackTeam "SK POSTOJNA"]

1. e4 e5 2. Nc3 Nf6 3. f4 d6 4. Nf3 Qe7 5. Bc4 Be6 6. Qe2 Nc6 7. Bb5 O-O-O 8.
Bxc6 bxc6 9. Qa6+ Kd7 10. f5 Bxf5 11. exf5 d5 12. O-O Ng4 13. Qe2 Qf6 14. h3
Nh6 15. Nxe5+ Kd6 16. d4 Nxf5 17. Bf4 Qe6 18. Ng4+ Qe5 19. Qxe5+ Kd7 20. Qxf5+
Ke7 21. Rae1# 1-0

[Event "III. CLANSKA LIGA ZAHOD 2019"]
[Site "Komenda"]
[Date "2019.12.08"]
[Round "4.1"]
[White "Baric, Dusan"]
[Black "Stanic, Vitko"]
[Result "1-0"]
[WhiteElo "2013"]
[BlackElo "1744"]
[PlyCount "27"]
[EventDate "2019.12.08"]
[WhiteTeam "MATRIKA ZVO STARI TRG OB KOLPI"]
[BlackTeam "SK LOSKA DOLINA II"]

1. e4 e6 2. d4 d5 3. Nd2 dxe4 4. Nxe4 Nf6 5. Nxf6+ Qxf6 6. Nf3 h6 7. Bb5+ Bd7
8. Qe2 a6 9. Bc4 Be7 10. Ne5 O-O 11. O-O Bd6 12. f4 b5 13. Bd3 c5 14. Qe4 1-0

[Event "III. CLANSKA LIGA ZAHOD 2019"]
[Site "Komenda"]
[Date "2019.12.08"]
[Round "4.2"]
[White "Bavec, Vinko"]
[Black "Bedic, Slavko"]
[Result "0-1"]
[WhiteElo "1547"]
[BlackElo "1890"]
[PlyCount "78"]
[EventDate "2019.12.08"]
[WhiteTeam "SK LOSKA DOLINA II"]
[BlackTeam "MATRIKA ZVO STARI TRG OB KOLPI"]

1. d4 d5 2. Nf3 c5 3. c3 cxd4 4. cxd4 Nf6 5. e3 a6 6. Be2 Nc6 7. a3 e6 8. O-O
Bd6 9. h3 Bd7 10. Nc3 Rc8 11. Bd2 Ne4 12. Bd3 Nxd2 13. Nxd2 O-O 14. Nf3 h6 15.
Rc1 f5 16. Ne2 Be8 17. Nf4 Qf6 18. Be2 g5 19. Nd3 Rc7 20. Nfe5 Nxe5 21. dxe5
Bxe5 22. Rxc7 Bxc7 23. Qb3 Bc6 24. f4 Bd6 25. Rd1 Bb8 26. Bf3 Ba7 27. Kf2 Bb5
28. fxg5 hxg5 29. g3 g4 30. Bg2 gxh3 31. Bxh3 d4 32. Nf4 Re8 33. exd4 Bxd4+ 34.
Kg2 Bc6+ 35. Kh2 Bxb2 36. Bxf5 Qxf5 37. Qxb2 Kf7 38. Qe2 Rh8+ 39. Kg1 Rh1+ 0-1

[Event "III. CLANSKA LIGA ZAHOD 2019"]
[Site "Komenda"]
[Date "2019.12.08"]
[Round "4.3"]
[White "Danculovic, Jovica"]
[Black "Sraj, Jernej"]
[Result "1-0"]
[WhiteElo "1813"]
[BlackElo "1052"]
[PlyCount "33"]
[EventDate "2019.12.08"]
[WhiteTeam "MATRIKA ZVO STARI TRG OB KOLPI"]
[BlackTeam "SK LOSKA DOLINA II"]

1. e4 c6 2. d4 d5 3. e5 Bf5 4. Bd3 Bxd3 5. Qxd3 e6 6. Ne2 Be7 7. O-O c5 8. c3
c4 9. Qg3 Kf8 10. f4 Nh6 11. Qh3 g5 12. Qxh6+ Ke8 13. fxg5 Bf8 14. Qh5 Qe7 15.
b3 b5 16. Ba3 Qd8 17. Qxf7# 1-0

[Event "III. CLANSKA LIGA ZAHOD 2019"]
[Site "Komenda"]
[Date "2019.12.08"]
[Round "4.4"]
[White "Bavec, Jakob"]
[Black "Golobic, Zvonko"]
[Result "0-1"]
[WhiteElo "1125"]
[BlackElo "1952"]
[PlyCount "56"]
[EventDate "2019.12.08"]
[WhiteTeam "SK LOSKA DOLINA II"]
[BlackTeam "MATRIKA ZVO STARI TRG OB KOLPI"]

1. d4 b6 2. Nc3 Bb7 3. Bf4 Nf6 4. Nb5 d6 5. Nc3 Nbd7 6. Nf3 h6 7. g3 e5 8. dxe5
dxe5 9. Bd2 e4 10. Nd4 e3 11. Nf3 exd2+ 12. Qxd2 Be7 13. Bg2 Ne5 14. Qxd8+ Rxd8
15. O-O Nxf3+ 16. Bxf3 Bxf3 17. exf3 a6 18. Rfe1 Rd7 19. Rad1 Rxd1 20. Rxd1 O-O
21. Nd5 Nxd5 22. Rxd5 Rd8 23. Re5 Bf6 24. Rf5 Bxb2 25. g4 Rd2 26. g5 hxg5 27.
Rxg5 Bd4 28. Rg2 Rd1# 0-1

[Event "III. CLANSKA LIGA ZAHOD 2019"]
[Site "Komenda"]
[Date "2019.12.08"]
[Round "4.1"]
[White "Mlacnik, Janez"]
[Black "Krumpak, Hinko"]
[Result "1/2-1/2"]
[WhiteElo "1783"]
[BlackElo "2049"]
[PlyCount "62"]
[EventDate "2019.12.08"]
[WhiteTeam "KPSRD KAREL JERAJ LJUBLJANA"]
[BlackTeam "SK VISNJA GORA - STICNA"]

1. d4 c5 2. e3 g6 3. Nf3 Bg7 4. c3 b6 5. Bd3 Nf6 6. Nbd2 O-O 7. O-O Ba6 8. Bxa6
Nxa6 9. Qe2 Nc7 10. e4 cxd4 11. cxd4 Qc8 12. e5 Nfd5 13. Ne4 Qa6 14. Qd2 Ne6
15. g3 Rac8 16. b3 Rc6 17. Bb2 Rfc8 18. Rfc1 R8c7 19. Rxc6 Rxc6 20. a3 Qc8 21.
Rc1 Rxc1+ 22. Qxc1 Qc6 23. Qc4 b5 24. Qxc6 dxc6 25. Nfg5 Nxg5 26. Nxg5 e6 27.
Ne4 Bf8 28. Kf1 Be7 29. Ke2 h5 30. h4 Kf8 31. Kd3 Ke8 1/2-1/2

[Event "III. CLANSKA LIGA ZAHOD 2019"]
[Site "Komenda"]
[Date "2019.12.08"]
[Round "4.2"]
[White "Jese, Janez"]
[Black "Vertacnik, Viktor"]
[Result "1-0"]
[WhiteElo "1726"]
[BlackElo "1605"]
[PlyCount "39"]
[EventDate "2019.12.08"]
[WhiteTeam "SK VISNJA GORA - STICNA"]
[BlackTeam "KPSRD KAREL JERAJ LJUBLJANA"]

1. e4 e5 2. Bc4 Bc5 3. d4 exd4 4. Bxf7+ Kf8 5. Bb3 d6 6. Nf3 Nc6 7. h3 Nf6 8.
Bg5 h6 9. Bxf6 Qxf6 10. c3 Qg6 11. Qe2 d3 12. Qxd3 Qxg2 13. Rh2 Qg6 14. Nbd2
Be6 15. O-O-O Ke7 16. Rg1 Qf6 17. Bxe6 Kxe6 18. Rhg2 g5 19. h4 Rhf8 20. hxg5
1-0

[Event "III. CLANSKA LIGA ZAHOD 2019"]
[Site "Komenda"]
[Date "2019.12.08"]
[Round "4.3"]
[White "Cizman, Gregor"]
[Black "Sotirov, Pavle"]
[Result "1/2-1/2"]
[WhiteElo "1543"]
[BlackElo "1738"]
[PlyCount "91"]
[EventDate "2019.12.08"]
[WhiteTeam "KPSRD KAREL JERAJ LJUBLJANA"]
[BlackTeam "SK VISNJA GORA - STICNA"]

1. d4 e6 2. Nf3 d5 3. Bf4 Nf6 4. Nbd2 c5 5. e3 Nc6 6. c3 a6 7. Bd3 h6 8. h3 Bd6
9. Bxd6 Qxd6 10. Qe2 c4 11. Bc2 b5 12. a3 Bb7 13. e4 dxe4 14. Nxe4 Nxe4 15.
Bxe4 Na5 16. O-O Bxe4 17. Qxe4 O-O 18. Rfe1 Rad8 19. Re2 Nc6 20. Ne5 Nxe5 21.
Qxe5 Qc6 22. Rae1 Rd5 23. Qh2 Rfd8 24. Re5 a5 25. Rxd5 Rxd5 26. Qb8+ Kh7 27.
Re5 f6 28. Rxd5 Qxd5 29. Qf4 a4 30. f3 Kg6 31. Kf2 Kf7 32. Qc7+ Kg8 33. Qb8+
Kh7 34. Qf4 Kg6 35. Ke3 Kf7 36. Qc7+ Kg8 37. Qb8+ Kh7 38. Qf4 Qd7 39. Qe4+ f5
40. Qe5 g5 41. g4 f4+ 42. Ke4 Qc6+ 43. d5 exd5+ 44. Qxd5 Qf6 45. Qf5+ Kg7 46.
Qe5 1/2-1/2

[Event "III. CLANSKA LIGA ZAHOD 2019"]
[Site "Komenda"]
[Date "2019.12.08"]
[Round "4.4"]
[White "Jancigaj, Saso Valentin"]
[Black "Ulaga, Karel"]
[Result "1-0"]
[WhiteElo "1682"]
[BlackElo "1425"]
[PlyCount "87"]
[EventDate "2019.12.08"]
[WhiteTeam "SK VISNJA GORA - STICNA"]
[BlackTeam "KPSRD KAREL JERAJ LJUBLJANA"]

1. f4 Nf6 2. Nf3 d5 3. d4 Bg4 4. e3 e6 5. Bd3 Ne4 6. O-O Bd6 7. Nbd2 O-O 8.
Nxe4 dxe4 9. Bxe4 c6 10. c3 Nd7 11. Qe1 Nf6 12. Bc2 Bxf3 13. Rxf3 h6 14. e4 Nd7
15. e5 Be7 16. f5 exf5 17. Bxf5 Nb6 18. e6 Kh8 19. Rh3 fxe6 20. Bxe6 Bg5 21.
Qe4 Bxc1 22. Rxc1 Qg5 23. Re1 Rae8 24. Rg3 Qe7 25. Rg6 Rf6 26. Rxf6 Qxf6 27.
Qe5 Nd7 28. Qxf6 Nxf6 29. Re2 Nd7 30. Bg4 Rxe2 31. Bxe2 Kg8 32. c4 Kf7 33. g3
Ke7 34. Kf2 Kd6 35. b4 b6 36. Bf3 c5 37. dxc5+ bxc5 38. a3 cxb4 39. axb4 Ne5
40. Be2 Kc6 41. Ke3 Kb6 42. Kd4 Nd7 43. c5+ Kc7 44. b5 1-0

[Event "III. CLANSKA LIGA ZAHOD 2019"]
[Site "Komenda"]
[Date "2019.12.08"]
[Round "4.1"]
[White "Hocevar, Tim"]
[Black "Ocepek, Marjan"]
[Result "0-1"]
[WhiteElo "1500"]
[BlackElo "1581"]
[PlyCount "88"]
[EventDate "2019.12.08"]
[WhiteTeam "SK POSTOJNA"]
[BlackTeam "SD MENGES - TRZIN"]

1. e4 d6 2. d4 Nf6 3. Nc3 g6 4. Bc4 Bg7 5. Be3 c6 6. Nge2 b5 7. Bd3 b4 8. Nb1
Qc7 9. Nd2 Nbd7 10. O-O e5 11. dxe5 dxe5 12. c3 a5 13. Nc4 O-O 14. Qc2 Ba6 15.
f3 c5 16. Rfd1 Rfd8 17. Bg5 h6 18. Bh4 Rac8 19. Ne3 Bxd3 20. Rxd3 Nb6 21. Rad1
Rxd3 22. Rxd3 c4 23. Rd1 Rd8 24. Rxd8+ Qxd8 25. cxb4 axb4 26. Nxc4 Nxc4 27.
Qxc4 Qd1+ 28. Kf2 g5 29. Bg3 Nd7 30. Qxb4 Bf8 31. Qb3 Bc5+ 32. Qe3 Bxe3+ 33.
Kxe3 Qc2 34. a4 Qxa4 35. Nc3 Qb3 36. Be1 Nc5 37. h4 Qxb2 38. Nd5 Qd4+ 39. Ke2
Qd3+ 40. Kf2 gxh4 41. Nf6+ Kf8 42. Kg1 Qd1 43. Kh2 Qxe1 44. Nh5 Nd3 0-1

[Event "III. CLANSKA LIGA ZAHOD 2019"]
[Site "Komenda"]
[Date "2019.12.08"]
[Round "4.2"]
[White "Hribar, Franc"]
[Black "Hocevar, Nick"]
[Result "0-1"]
[WhiteElo "1401"]
[BlackElo "1069"]
[PlyCount "69"]
[EventDate "2019.12.08"]
[WhiteTeam "SD MENGES - TRZIN"]
[BlackTeam "SK POSTOJNA"]

1. e4 c6 2. d4 d5 3. e5 Bf5 4. Bd3 Bg6 5. Nf3 e6 6. c3 Ne7 7. Bg5 Bxd3 8. Qxd3
h6 9. Bh4 Nd7 10. h3 g6 11. b3 Bg7 12. O-O O-O 13. Re1 Qe8 14. Bxe7 Qxe7 15. c4
Rfe8 16. c5 b5 17. b4 a5 18. Qd2 a4 19. a3 Nf8 20. Nc3 Nh7 21. h4 Qd8 22. g3 f6
23. Re2 fxe5 24. Nxe5 Bxe5 25. Rxe5 g5 26. hxg5 Nxg5 27. Kg2 Qf6 28. Qe3 Nf7
29. Rh5 Qg6 30. Rh4 e5 31. Rah1 exd4 32. Qxd4 Qg7 33. Rg4 Ng5 34. Qd2 d4 35.
Ne2 {nejasno (70)} 0-1

[Event "III. CLANSKA LIGA ZAHOD 2019"]
[Site "Komenda"]
[Date "2019.12.08"]
[Round "4.3"]
[White "Beber, Anja"]
[Black "Posavec, Zvone"]
[Result "1-0"]
[WhiteElo "1195"]
[BlackElo "1348"]
[PlyCount "85"]
[EventDate "2019.12.08"]
[WhiteTeam "SK POSTOJNA"]
[BlackTeam "SD MENGES - TRZIN"]

1. e4 c5 2. Nf3 d6 3. Bc4 e6 4. Nc3 Nf6 5. d3 Be7 6. O-O O-O 7. Bf4 d5 8. exd5
exd5 9. Bb3 Bg4 10. Re1 a6 11. a4 Nc6 12. Qe2 Re8 13. h3 Nd4 14. Qd1 Nxf3+ 15.
gxf3 Bxh3 16. Bg3 Qd7 17. Re5 Be6 18. Ne2 Bd6 19. Rg5 h6 20. Bxd6 hxg5 21. Bxc5
Rac8 22. Be3 Nh7 23. Ng3 g6 24. Qd2 Qe7 25. Qa5 Red8 26. Rc1 Qf6 27. Kg2 Qe5
28. c3 Qc7 29. Qxc7 Rxc7 30. Bb6 Rdc8 31. Bxc7 Rxc7 32. d4 Nf6 33. Re1 Nh5 34.
Nxh5 gxh5 35. Re5 Kh7 36. Rxg5 Kh6 37. Re5 Rd7 38. f4 Kg6 39. Bc2+ Kg7 40. f5
Bxf5 41. Bxf5 f6 42. Bxd7 fxe5 43. dxe5 1-0

[Event "III. CLANSKA LIGA ZAHOD 2019"]
[Site "Komenda"]
[Date "2019.12.08"]
[Round "4.4"]
[White "Timagina, Sofia"]
[Black "Meze Ivanic, Ema"]
[Result "1-0"]
[WhiteElo "1072"]
[BlackElo "1147"]
[PlyCount "49"]
[EventDate "2019.12.08"]
[WhiteTeam "SD MENGES - TRZIN"]
[BlackTeam "SK POSTOJNA"]

1. e4 e5 2. Bc4 Nf6 3. d3 Bc5 4. Nf3 Ng4 5. O-O d6 6. h3 Nf6 7. Nc3 O-O 8. Bg5
h6 9. Bh4 Qe8 10. Bxf6 Nc6 11. Bh4 Na5 12. Bb3 Bd7 13. Nh2 Nxb3 14. axb3 Be6
15. Qg4 Bd7 16. Qg3 Bd4 17. Kh1 Bc8 18. Nd5 Bxb2 19. Nf6+ Kh8 20. Nxe8 Rxe8 21.
Ra2 Bd4 22. Ng4 Bc3 23. Nxh6 gxh6 24. Bf6+ Kh7 25. Qg7# 1-0

[Event "III. CLANSKA LIGA ZAHOD 2019"]
[Site "Komenda"]
[Date "2019.12.08"]
[Round "5.1"]
[White "Trivuncevic, Bosko"]
[Black "Baric, Dusan"]
[Result "0-1"]
[WhiteElo "1937"]
[BlackElo "2013"]
[PlyCount "94"]
[EventDate "2019.12.08"]
[WhiteTeam "SK LOSKA DOLINA I"]
[BlackTeam "MATRIKA ZVO STARI TRG OB KOLPI"]

1. e4 c5 2. Nf3 d6 3. d4 cxd4 4. Nxd4 Nf6 5. Nc3 g6 6. Be2 Bg7 7. O-O a6 8. Kh1
b5 9. a3 Bb7 10. Bf3 Nbd7 11. Bg5 Qb6 12. Be3 Qc7 13. g3 O-O 14. Bg2 Ne5 15. h3
Rac8 16. Nde2 Nc4 17. Bc1 e6 18. Rb1 Rfd8 19. b3 Nb6 20. Bb2 d5 21. e5 Ne4 22.
f4 Bf8 23. Nxe4 dxe4 24. Nd4 Nd5 25. Qe1 Nc3 26. Bxc3 Qxc3 27. Qxc3 Rxc3 28.
Rfd1 Bc5 29. Ne2 Rxd1+ 30. Rxd1 Rxc2 31. Nd4 Rc3 32. Kh2 Bxa3 33. Re1 Bc5 34.
Bxe4 Bxe4 35. Rxe4 Bxd4 36. Rxd4 Rxb3 37. Rd8+ Kg7 38. Ra8 Ra3 39. Rb8 Ra4 40.
Kg2 b4 41. Kf2 a5 42. Ke2 Ra3 43. Rb5 Rxg3 44. Rxa5 Rxh3 45. Kf2 b3 46. Rb5 Rc3
47. Ke2 h5 0-1

[Event "III. CLANSKA LIGA ZAHOD 2019"]
[Site "Komenda"]
[Date "2019.12.08"]
[Round "5.2"]
[White "Bedic, Slavko"]
[Black "Drobnic, Milan"]
[Result "1/2-1/2"]
[WhiteElo "1890"]
[BlackElo "1984"]
[PlyCount "71"]
[EventDate "2019.12.08"]
[WhiteTeam "MATRIKA ZVO STARI TRG OB KOLPI"]
[BlackTeam "SK LOSKA DOLINA I"]

1. d4 Nf6 2. Nf3 e6 3. c4 b6 4. Nc3 Bb7 5. e3 Bb4 6. Bd2 O-O 7. Rc1 d6 8. Be2
Nbd7 9. O-O Rc8 10. a3 Bxc3 11. Bxc3 Ne4 12. Be1 f5 13. Nd2 Qg5 14. f4 Qg6 15.
Nxe4 Bxe4 16. Bf3 Nf6 17. Bh4 Bxf3 18. Rxf3 Ne4 19. Qa4 a5 20. Qc6 Qe8 21. Qb5
Rb8 22. Be1 c5 23. a4 Qxb5 24. axb5 Rfd8 25. Kf1 d5 26. dxc5 Nxc5 27. Ke2 dxc4
28. Rxc4 Rd5 29. Bc3 Rb7 30. Rf1 Ne4 31. Bd4 Rxb5 32. Rfc1 Nc5 33. R1c2 Kf7 34.
Be5 Rd7 35. Bd4 Rd5 36. Be5 1/2-1/2

[Event "III. CLANSKA LIGA ZAHOD 2019"]
[Site "Komenda"]
[Date "2019.12.08"]
[Round "5.3"]
[White "Sharku, Hysen"]
[Black "Danculovic, Jovica"]
[Result "1-0"]
[WhiteElo "1787"]
[BlackElo "1813"]
[PlyCount "47"]
[EventDate "2019.12.08"]
[WhiteTeam "SK LOSKA DOLINA I"]
[BlackTeam "MATRIKA ZVO STARI TRG OB KOLPI"]

1. e4 c5 2. Nf3 d6 3. Bc4 Nc6 4. Nc3 Nf6 5. h3 g6 6. O-O Bg7 7. d3 O-O 8. Bg5
Na5 9. Bd5 e6 10. Bb3 Nxb3 11. axb3 a6 12. e5 dxe5 13. Ne4 h6 14. Nxf6+ Bxf6
15. Bxh6 Re8 16. Qe2 e4 17. dxe4 Bxb2 18. Rad1 Qc7 19. e5 b5 20. Bg5 Bb7 21.
Bf6 Bxf3 22. gxf3 c4 23. Qe4 Ba3 24. Qh4 1-0

[Event "III. CLANSKA LIGA ZAHOD 2019"]
[Site "Komenda"]
[Date "2019.12.08"]
[Round "5.1"]
[White "Krumpak, Hinko"]
[Black "Hocevar, Tim"]
[Result "1-0"]
[WhiteElo "2049"]
[BlackElo "1500"]
[PlyCount "35"]
[EventDate "2019.12.08"]
[WhiteTeam "SK VISNJA GORA - STICNA"]
[BlackTeam "SK POSTOJNA"]

1. d4 e6 2. g3 f5 3. Bg2 Nf6 4. c4 Be7 5. Nf3 O-O 6. O-O d5 7. Qc2 Nbd7 8. b3
b6 9. cxd5 Nxd5 10. Qc6 Nb4 11. Qxa8 Nc2 12. Bb2 Nxa1 13. Bxa1 a5 14. Qc6 Nc5
15. dxc5 Bd7 16. Qb7 Bc8 17. Qa8 Bxc5 18. Ne5 1-0

[Event "III. CLANSKA LIGA ZAHOD 2019"]
[Site "Komenda"]
[Date "2019.12.08"]
[Round "5.2"]
[White "Hocevar, Nick"]
[Black "Jese, Janez"]
[Result "1-0"]
[WhiteElo "1069"]
[BlackElo "1726"]
[PlyCount "122"]
[EventDate "2019.12.08"]
[WhiteTeam "SK POSTOJNA"]
[BlackTeam "SK VISNJA GORA - STICNA"]

1. e4 e5 2. Nf3 Nc6 3. Nc3 Bc5 4. Nxe5 Nxe5 5. d4 Bd6 6. dxe5 Bxe5 7. Bd2 d6 8.
Bc4 a6 9. a4 Qh4 10. Qf3 Nf6 11. Nd5 Nxd5 12. Bxd5 O-O 13. Bc3 Bg4 14. Qe3 c6
15. Bb3 b5 16. Bxe5 dxe5 17. axb5 axb5 18. O-O Qe7 19. Qg3 Bd7 20. h3 c5 21.
Bd5 Rac8 22. Ra7 Qe8 23. Rd1 h6 24. Bb3 Bc6 25. Bd5 Rd8 26. Qf3 Bxd5 27. Rxd5
Rxd5 28. exd5 e4 29. Qg4 e3 30. Qe2 Qe5 31. Qxe3 Qxd5 32. Qd3 Qxd3 33. cxd3 Rd8
34. Rc7 Rxd3 35. Rxc5 b4 36. Rc4 Rb3 37. Rc2 f5 38. Kf1 Rd3 39. Ke2 Rd7 40. Rc4
Rb7 41. Kd3 Kf7 42. Kc2 Ke6 43. Kb3 Kd5 44. Rxb4 Rxb4+ 45. Kxb4 Kd4 46. Ka5 Kd3
47. b4 Ke2 48. f3 Kf2 49. b5 Kxg2 50. b6 Kxf3 51. b7 Kg3 52. b8=Q+ Kxh3 53. Qf4
g5 54. Qxf5+ Kh4 55. Qf2+ Kg4 56. Kb4 h5 57. Qg2+ Kf4 58. Kc4 h4 59. Kd4 g4 60.
Qf2+ Kg5 61. Ke4 h3 1-0

[Event "III. CLANSKA LIGA ZAHOD 2019"]
[Site "Komenda"]
[Date "2019.12.08"]
[Round "5.3"]
[White "Sotirov, Pavle"]
[Black "Beber, Anja"]
[Result "1-0"]
[WhiteElo "1738"]
[BlackElo "1195"]
[PlyCount "127"]
[EventDate "2019.12.08"]
[WhiteTeam "SK VISNJA GORA - STICNA"]
[BlackTeam "SK POSTOJNA"]

1. e4 e5 2. Nf3 Nc6 3. Bc4 Bc5 4. d3 h6 5. O-O Nf6 6. Nc3 O-O 7. h3 d6 8. Na4
Bb6 9. Nxb6 axb6 10. Be3 Be6 11. Bb3 d5 12. exd5 Nxd5 13. Qc1 Re8 14. a3 Qf6
15. Nh2 Qg6 16. Kh1 Nd4 17. Bxd5 Bxd5 18. f3 Nf5 19. Bf2 Re6 20. Re1 Ng3+ 21.
Bxg3 Qxg3 22. Re2 Rg6 23. Qe1 Qg5 24. Qf2 c5 25. Rae1 f6 26. Ng4 c4 27. Ne3 Be6
28. Nxc4 b5 29. Nd6 Rd8 30. Nxb5 Rd5 31. Nc7 Rd6 32. Nxe6 Rxe6 33. Re4 f5 34.
f4 Qd8 35. Rxe5 Rxe5 36. Rxe5 Qf6 37. c3 Qd6 38. Qd4 Qc6 39. Qd5+ Qxd5 40. Rxd5
Kf7 41. Rxf5+ Ke6 42. Rb5 Rg3 43. d4 Rd3 44. Kh2 Kf6 45. h4 Kg6 46. g3 Re3 47.
Kh3 Kf6 48. Kg4 Re6 49. Rxb7 g6 50. Kf3 g5 51. d5 Rd6 52. c4 gxf4 53. Kxf4 h5
54. Rh7 Rb6 55. Rh6+ Kg7 56. Rxb6 Kf7 57. Kf5 Kg7 58. Rb7+ Kh6 59. Ke6 Kg6 60.
d6 Kh6 61. d7 Kh7 62. d8=Q+ Kh6 63. Qh8+ Kg6 64. Qg7# 1-0